000 00737nam0a22002531 4500
001 rc\2703488
005 20250623171038.0
035 _a(NLR Aleph) 006831599
090 _a6550883
_c6550883
100 _a20110915d1934 |||y0rusy50 ca
101 0 _arus
102 _aRU
105 _aa z |||||
200 1 _aЧто такое наследственность
210 _aХарьков
_cУкраiнський робiтник
_d1934
215 _aОбл., 160 с.
_cил.
_d18 см.
225 1 _aНаучно-популярная библиотека
700 1 _aВласенко
_bП.В.
801 0 _aRU
_bNLR
_gpsbo
801 1 _aRU
_bELAR
_2rusmarc
852 _aNLR
_j34-2/1216
942 _cBOOK
980 _aNB